000 01152nam a2200313 a 4500
001
003 DO-SdBNP
005 20220909132635.0
007 ta
008 091028s2003 dr 00 0 spa d
020 _a9993431222
040 _aDO-SdBNP
_bspa
_cBPMSU
082 _aR016.7293
_bH831b 2003
_222
100 1 _aCollado, Miguel A.,
_d1954-
245 1 0 _aBibliohemerografía hostosiana de autores dominicanos (1876 - 2003) /
_cMiguel Collado; presentación Diógenes Céspedes.
_h
260 _aSanto Domingo :
_bBNPHU,
_c2003.
300 _a112 p. ;
_c23 cm.
490 0 _aBiblioteca Nacional Pedro Henríquez Ureña;
_aBibliográfica
_v1/112
500 _aIncluye datos biográficos del autor en las solapas
500 _aIncluye índice de autores
590 _aInventariado, 2022/VM
600 1 4 _aHostos , Eugenio María de,
_d1839-1903
_vBibliografías
650 4 _aAutores dominicanos
_vBibliografía
650 4 _aLiteratura dominicana
_vBibliohemerografía
700 1 _aCéspedes, Diógenes,
_d1941-
710 2 _aBiblioteca Nacional Pedro Henríquez Ureña (República Dominicana)
910 _a VMateo V. /Validado
942 _2ddc
_cBK
999 _c14258
_d14258